01319cam a22002895a 4500001000800000005001700008008004100025020001500066040003300081043001200114082002500126245013900151260005200290300003400342500012200376504005300498650008000551650006800631653002200699700003600721700004500757700003800802710005900840942000800899999001700907952010500924343245320180109141903.0910508s1991 dcua frb 001 0 eng d a0841220891 aDLCcDLCdDLCdEG-ScBUEbeng an-us---00a344.7304633222bREG00aRegulation of agrochemicals :ba driving force in their evolution /cedited by Gino J. Marco, Robert M. Hollingworth, Jack R. Plimmer. aWashington :bAmerican Chemical Society,c1991. axvi, 188 p. :bill. ;c24 cm. aBased on a symposium honoring the 20th anniversary of the Division of Agrochemicals of the American Chemical Society. aIncludes bibliographical references and indexes. 7aAgricultural chemicalsxLaw and legislationzUnited StatesxHistory.2BUEsh 7aPesticidesxLaw and legislationzUnited StatesxHistory.2BUEsh bGGENcJanuary20181 aMarco, Gino J.,c1924-eeditor.1 aHollingworth, Robert M.,d1939-eeditor.1 aPlimmer, Jack R.,d1927-eeditor.2 aAmerican Chemical Society.bDivision of Agrochemicals. 2ddc c25917d25889 00102ddc4070aMAINbMAINc1STd2018-01-09l0o344.7304633 REGp000047130r2025-07-15 00:00:00yBB